The Psychosocial Reality of Digital Travel (Record no. 18055)
[ view plain ]
| 000 -LEADER | |
|---|---|
| fixed length control field | 00651nam a2200121Ia 4500 |
| 008 - FIXED-LENGTH DATA ELEMENTS--GENERAL INFORMATION | |
| fixed length control field | 220615s9999||||xx |||||||||||||| ||und|| |
| 100 ## - MAIN ENTRY--PERSONAL NAME | |
| Personal name | Tjostheim, Ingvar||Waterworth, John A. |
| 245 #4 - TITLE STATEMENT | |
| Title | The Psychosocial Reality of Digital Travel |
| Remainder of title | Being in Virtual Places |
| 546 ## - LANGUAGE NOTE | |
| Language note | English[eng] |
| 650 ## - SUBJECT ADDED ENTRY--TOPICAL TERM | |
| Topical term or geographic name entry element | open access||Telepresence||virtual travel||interaction design||HCI||psychosocial studies||cyber psychology||Social Interaction in Virtual Environments||Computer-Mediated Environments||digital environments||interactive behaviour||digital tourism |
| 856 ## - ELECTRONIC LOCATION AND ACCESS | |
| Uniform Resource Identifier | <a href="https://library.oapen.org/bitstream/20.500.12657/51933/1/978-3-030-91272-7.pdf">https://library.oapen.org/bitstream/20.500.12657/51933/1/978-3-030-91272-7.pdf</a> |
| 942 ## - ADDED ENTRY ELEMENTS (KOHA) | |
| Koha item type | E-Books |
| Withdrawn status | Lost status | Damaged status | Not for loan | Home library | Current library | Date acquired | Total Checkouts | Date last seen | Price effective from | Koha item type |
|---|---|---|---|---|---|---|---|---|---|---|
| Kerala University of Digital Sciences, Innovation and Technology Knowledge Centre | Kerala University of Digital Sciences, Innovation and Technology Knowledge Centre | 15/06/2022 | 15/06/2022 | 15/06/2022 | E-Books |